[Event "HUN-chT2 Szechenyi 1314"]
[Site "Hungary"]
[Date "2013.09.22"]
[Round "2.3"]
[White "Domonkos, Daniel"]
[Black "Marton, Gabriella"]
[Result "0-1"]
[WhiteElo "2026"]
[BlackElo "2078"]
[PlyCount "86"]
[EventDate "2013.09.08"]
[EventType "team-tourn"]
[EventRounds "11"]
[EventCountry "HUN"]
[SourceTitle "EXT 2016"]
[Source "ChessBase"]
[SourceDate "2015.10.08"]
[SourceVersion "1"]
[SourceVersionDate "2015.10.08"]
[SourceQuality "1"]
[WhiteTeam "Veszprem"]
[BlackTeam "Arboretum"]
[WhiteTeamCountry "HUN"]
[BlackTeamCountry "HUN"]

1. d4 Nf6 2. c4 e6 3. Nc3 Bb4 4. a3 Bxc3+ 5. bxc3 c5 6. Qc2 d6 7. Nf3 h6 8. e4 Nc6 9. h3 e5 10. d5 Ne7 11. Be3 0-0 12. Be2 b6 13. Nh2 Ng6 14. Ng4 Nh4 15. 0-0 Nxe4 16. g3 f5 17. gxh4 Qxh4 18. Nh2 Qxh3 19. Bf3 Qh4 20. Kh1 Ng5 21. Bxg5 hxg5 22. Rg1 g4 23. Bg2 Rf6 24. Qd3 f4 25. Be4 f3 26. Rg3 Rh6 27. Kg1 Qxh2+ 28. Kf1 Rh3 29. Rg1 Qf4 30. Re1 Ba6 31. Re3 Rf8 32. Ke1 Rh2 33. a4 Rf6 34. a5 Rfh6 35. axb6 axb6 36. Qb1 Rh1 37. Kd2 Rxg1 38. Qxg1 Bxc4 39. Qa1 Rh2 40. Qa8+ Qf8 41. Qxf8+ Kxf8 42. Ke1 Rh1+ 43. Kd2 Rf1 0-1

[Event "HUN-chT2 Szechenyi 1011"]
[Site "Hungary"]
[Date "2011.04.10"]
[Round "8.3"]
[White "Jonas, Zsolt"]
[Black "Marton, Gabriella"]
[Result "1/2-1/2"]
[WhiteElo "2119"]
[BlackElo "2075"]
[PlyCount "83"]
[EventDate "2010.09.12"]
[EventType "team-tourn"]
[EventRounds "11"]
[EventCountry "HUN"]
[SourceTitle "EXT 2012"]
[Source "ChessBase"]
[SourceDate "2011.11.24"]
[SourceVersion "1"]
[SourceVersionDate "2011.11.24"]
[SourceQuality "1"]
[WhiteTeam "Veszprem"]
[BlackTeam "Arboretum"]
[WhiteTeamCountry "HUN"]
[BlackTeamCountry "HUN"]

1. e4 c5 2. Nf3 e6 3. d4 cxd4 4. Nxd4 Nf6 5. Nc3 d6 6. Bc4 Be7 7. Bb3 a6 8. Be3 Bd7 9. a4 Nc6 10. 0-0 Nxd4 11. Bxd4 Bc6 12. Re1 b6 13. f3 0-0 14. Qe2 Nd7 15. Rad1 Qc7 16. Qf2 Nc5 17. Qg3 e5 18. Bxc5 bxc5 19. Bd5 Ra7 20. b3 Kh8 21. Bxc6 Qxc6 22. Nd5 f5 23. Nxe7 Rxe7 24. Qg5 Ref7 25. exf5 Rxf5 26. Qd2 R5f6 27. Qd5 Qb6 28. Kh1 Qb4 29. Re4 Qc3 30. Qd3 Qxd3 31. Rxd3 a5 32. Kg1 Kg8 33. Kf2 Kf7 34. Rg4 g6 35. Re4 Ke6 36. c4 g5 37. Rg4 h6 38. h4 Rf4 39. Rxf4 gxf4 40. Rd1 Rg8 41. Rd3 Rg6 42. Rd2 1/2-1/2

[Event "HUN-chT2 Szechenyi 1011"]
[Site "Hungary"]
[Date "2011.03.27"]
[Round "7.3"]
[White "Rezsek, Gyozo"]
[Black "Marton, Gabriella"]
[Result "1-0"]
[WhiteElo "2024"]
[BlackElo "2075"]
[PlyCount "109"]
[EventDate "2010.09.12"]
[EventType "team-tourn"]
[EventRounds "11"]
[EventCountry "HUN"]
[SourceTitle "EXT 2012"]
[Source "ChessBase"]
[SourceDate "2011.11.24"]
[SourceVersion "1"]
[SourceVersionDate "2011.11.24"]
[SourceQuality "1"]
[WhiteTeam "Spartacus"]
[BlackTeam "Arboretum"]
[WhiteTeamCountry "HUN"]
[BlackTeamCountry "HUN"]

1. d4 Nf6 2. c4 e6 3. Nf3 Bb4+ 4. Nbd2 b6 5. a3 Be7 6. e3 Bb7 7. Bd3 d6 8. Qe2 Nbd7 9. Bc2 0-0 10. 0-0 a5 11. b3 d5 12. Bb2 Ne4 13. Rfd1 Bd6 14. Nxe4 dxe4 15. Nd2 f5 16. f3 Qh4 17. f4 Nf6 18. Nf1 Ng4 19. g3 Qh6 20. Bc3 Ra7 21. b4 axb4 22. axb4 Rfa8 23. c5 Bf8 24. Rxa7 Rxa7 25. Ra1 Rxa1 26. Bxa1 bxc5 27. bxc5 Bd5 28. Kg2 g5 29. h3 Nf6 30. Qb5 c6 31. Qb7 gxf4 32. gxf4 Qh5 33. Qb1 Qf3+ 34. Kg1 Qxh3 35. Qe1 Ng4 36. Qe2 Be7 37. Qg2 Qxg2+ 38. Kxg2 Bc4 39. Ba4 Bxf1+ 40. Kxf1 Nxe3+ 41. Kf2 Nd5 42. Kg3 h5 43. Bxc6 h4+ 44. Kf2 Nxf4 45. Bb5 Bd8 46. Bc3 Bc7 47. Bd2 Nd5 48. Kg2 f4 49. Kh3 e3 50. Be1 f3 51. Bxh4 Kf7 52. Kg4 f2 53. Kf3 Kg6 54. Bc4 Kf5 55. Bd3# 1-0

[Event "HUN-chT2 Szechenyi 1011"]
[Site "Hungary"]
[Date "2010.11.07"]
[Round "5.3"]
[White "Vas, Istvan"]
[Black "Marton, Gabriella"]
[Result "0-1"]
[WhiteElo "1960"]
[BlackElo "2075"]
[PlyCount "86"]
[EventDate "2010.09.12"]
[EventType "team-tourn"]
[EventRounds "11"]
[EventCountry "HUN"]
[SourceTitle "EXT 2012"]
[Source "ChessBase"]
[SourceDate "2011.11.24"]
[SourceVersion "1"]
[SourceVersionDate "2011.11.24"]
[SourceQuality "1"]
[WhiteTeam "Baki Agrocentrum"]
[BlackTeam "Arboretum"]
[WhiteTeamCountry "HUN"]
[BlackTeamCountry "HUN"]

1. e4 c5 2. Nf3 d6 3. g3 Nc6 4. Bg2 g6 5. 0-0 Bg7 6. Nc3 e6 7. d3 Nge7 8. Be3 Nd4 9. h4 a6 10. Qd2 Rb8 11. Nd1 Nxf3+ 12. Bxf3 e5 13. Bh6 0-0 14. Bxg7 Kxg7 15. Ne3 f5 16. exf5 Nxf5 17. Bg2 b5 18. c3 Bb7 19. a4 Bxg2 20. Kxg2 Qb6 21. a5 Qc6+ 22. f3 d5 23. Ng4 Rbe8 24. Rae1 e4 25. f4 e3 26. Qe2 d4+ 27. Kh2 Qc7 28. b4 dxc3 29. bxc5 Qxc5 30. Ne5 Qe7 31. Rb1 Rc8 32. Rfc1 b4 33. h5 g5 34. Qg4 Nd4 35. Kg2 Kh8 36. Re1 gxf4 37. Rxe3 fxe3 38. Qxd4 Qf6 39. Qxe3 c2 40. Rc1 b3 41. Qd4 Qf2+ 42. Qxf2 Rxf2+ 43. Kxf2 b2 0-1

[Event "HUN-chT2 Szechenyi 0910"]
[Site "Hungary"]
[Date "2010.01.31"]
[Round "5.3"]
[White "Ruszin, Tibor"]
[Black "Marton, Gabriella"]
[Result "1-0"]
[WhiteElo "2108"]
[BlackElo "2081"]
[PlyCount "59"]
[EventDate "2009.11.08"]
[EventType "team-tourn"]
[EventRounds "11"]
[EventCountry "HUN"]
[SourceTitle "EXT 2011"]
[Source "ChessBase"]
[SourceDate "2010.11.26"]
[SourceVersion "1"]
[SourceVersionDate "2010.11.26"]
[SourceQuality "1"]
[WhiteTeam "Zala Volan"]
[BlackTeam "Arboretum"]
[WhiteTeamCountry "HUN"]
[BlackTeamCountry "HUN"]

1. e4 c5 2. Nf3 e6 3. d4 cxd4 4. Nxd4 Nf6 5. Nc3 d6 6. Bc4 Be7 7. Qe2 a6 8. Bb3 Bd7 9. f4 Nc6 10. Be3 0-0 11. 0-0-0 Qc7 12. Rhg1 Nxd4 13. Rxd4 Bc6 14. Bf2 b5 15. e5 Nd7 16. exd6 Bxd6 17. f5 exf5 18. Rh4 g6 19. g4 fxg4 20. Qxg4 Kg7 21. Qg5 h5 22. Qxh5 Rh8 23. Qg4 Rxh4 24. Bxh4 Ne5 25. Qd4 f6 26. Bd5 Rd8 27. Qe4 Bxd5 28. Bxf6+ Kf7 29. Nxd5 Qc5 30. Rf1 1-0

[Event "HUN-chT2 Szechenyi 0910"]
[Site "Hungary"]
[Date "2009.12.06"]
[Round "3.3"]
[White "Soos, Lajos"]
[Black "Marton, Gabriella"]
[Result "0-1"]
[WhiteElo "2020"]
[BlackElo "2081"]
[PlyCount "120"]
[EventDate "2009.11.08"]
[EventType "team-tourn"]
[EventRounds "11"]
[EventCountry "HUN"]
[SourceTitle "EXT 2011"]
[Source "ChessBase"]
[SourceDate "2010.11.26"]
[SourceVersion "1"]
[SourceVersionDate "2010.11.26"]
[SourceQuality "1"]
[WhiteTeam "Kertvaros"]
[BlackTeam "Arboretum"]
[WhiteTeamCountry "HUN"]
[BlackTeamCountry "HUN"]

1. e4 c5 2. Nc3 e6 3. Bc4 d6 4. Nge2 Nc6 5. d3 Be7 6. Ng3 Nf6 7. 0-0 0-0 8. Bg5 a6 9. Bxf6 Bxf6 10. Rb1 b5 11. Bb3 Nd4 12. Nce2 Nxb3 13. axb3 Bb7 14. f4 g6 15. c3 Rc8 16. Kh1 Bh4 17. Qd2 d5 18. e5 d4 19. c4 f6 20. Ng1 Bxg3 21. hxg3 fxe5 22. fxe5 Qc7 23. Qe2 Qg7 24. Nf3 Rf5 25. Rbe1 Rcf8 26. Kg1 Qh6 27. g4 Rf4 28. Nh2 Rxf1+ 29. Rxf1 Rxf1+ 30. Nxf1 Qf4 31. Nd2 Kg7 32. b4 bxc4 33. Nxc4 cxb4 34. Qf2 Qxg4 35. Qf6+ Kh6 36. Qf8+ Kh5 37. Qf1 Qg3 38. Qe2+ Qg4 39. Qf1 Qg3 40. Qe2+ Qg4 41. Qf1 Bd5 42. Nd6 Qxg2+ 43. Qxg2 Bxg2 44. Kxg2 Kg4 45. b3 Kf4 46. Nc4 h5 47. Kf2 g5 48. Na5 Kxe5 49. Nc6+ Kd6 50. Nxb4 a5 51. Nc2 Kd5 52. Kf3 g4+ 53. Kg3 e5 54. Na3 e4 55. Kf4 exd3 56. Nc4 a4 57. Nb6+ Kc5 58. Nxa4+ Kb4 59. Nb2 Kc3 60. Nd1+ Kxb3 0-1

[Event "HUN-chT2 Szechenyi 0910"]
[Site "Hungary"]
[Date "2009.11.08"]
[Round "1.3"]
[White "Kovacs, Elod"]
[Black "Marton, Gabriella"]
[Result "1/2-1/2"]
[WhiteElo "2230"]
[BlackElo "2081"]
[PlyCount "104"]
[EventDate "2009.11.08"]
[EventType "team-tourn"]
[EventRounds "11"]
[EventCountry "HUN"]
[SourceTitle "EXT 2011"]
[Source "ChessBase"]
[SourceDate "2010.11.26"]
[SourceVersion "1"]
[SourceVersionDate "2010.11.26"]
[SourceQuality "1"]
[WhiteTeam "BSC"]
[BlackTeam "Arboretum"]
[WhiteTeamCountry "HUN"]
[BlackTeamCountry "HUN"]

1. d4 Nf6 2. Nf3 e6 3. c4 b6 4. a3 Bb7 5. Nc3 d5 6. e3 Be7 7. Bd3 Nbd7 8. 0-0 0-0 9. cxd5 exd5 10. Qc2 c5 11. Ne5 c4 12. Bf5 g6 13. Nxd7 Nxd7 14. Bh3 f5 15. Bd2 Nf6 16. f3 a6 17. g3 Qd6 18. Rfb1 b5 19. b4 Bc6 20. a4 Nh5 21. Be1 Bg5 22. Bf2 Rfe8 23. axb5 axb5 24. Rxa8 Rxa8 25. Bg2 Be7 26. e4 fxe4 27. fxe4 dxe4 28. d5 Be8 29. Nxe4 Qd8 30. d6 Bf8 31. Qd2 Rb8 32. Rd1 Bf7 33. Ng5 c3 34. Nxf7 cxd2 35. Nxd8 Rxd8 36. Rxd2 Rxd6 37. Rxd6 Bxd6 38. Be1 Kf8 39. Bc6 Nf6 40. Bc3 Ke7 41. Kg2 Ng4 42. Bd2 Nf6 43. Kf3 Kd8 44. h4 Kc7 45. Bxb5 Nd5 46. Bc4 Bxb4 47. Bxb4 Nxb4 48. Bg8 h6 49. Bh7 Nc6 50. Kg4 Ne5+ 51. Kf4 Kd6 52. g4 g5+ 1/2-1/2

[Event "HUN-chT2 Szechenyi 0708"]
[Site "Hungary"]
[Date "2007.12.09"]
[Round "4"]
[White "Marton, Gabriella"]
[Black "Horvath, Imre2222"]
[Result "0-1"]
[WhiteElo "2107"]
[BlackElo "1992"]
[PlyCount "120"]
[EventDate "2007.10.14"]
[EventType "team"]
[EventRounds "11"]
[EventCountry "HUN"]
[SourceTitle "EXT 2009"]
[Source "ChessBase"]
[SourceDate "2008.11.26"]
[SourceVersion "1"]
[SourceVersionDate "2008.11.26"]
[SourceQuality "1"]
[WhiteTeam "Arboretum"]
[BlackTeam "Keszthely"]
[WhiteTeamCountry "HUN"]
[BlackTeamCountry "HUN"]

1. d4 Nf6 2. c4 c5 3. d5 b5 4. Nc3 b4 5. Nb1 d6 6. g3 g6 7. Bg2 Bg7 8. Nd2 0-0 9. e4 Nbd7 10. Ne2 a5 11. a3 Nb6 12. axb4 axb4 13. Rxa8 Nxa8 14. b3 Qa5 15. 0-0 Nb6 16. f4 Qa2 17. h3 Ba6 18. e5 Nfd7 19. exd6 exd6 20. Ne4 Re8 21. Rf2 Nc8 22. N2c3 Qa5 23. Ra2 Qb6 24. Na4 Qd8 25. Naxc5 Nxc5 26. Nxc5 Bxc4 27. bxc4 Qb6 28. Kh2 Qxc5 29. Re2 Rf8 30. Qb3 Nb6 31. Bd2 Nxc4 32. Qxb4 Qxb4 33. Bxb4 Rb8 34. Be1 h5 35. g4 hxg4 36. hxg4 Rb3 37. Bf2 g5 38. Re8+ Kh7 39. Be4+ Kh6 40. fxg5+ Kxg5 41. Rg8 Kf4 42. Bc2 Rf3 43. Kg2 Be5 44. Rf8 Ne3+ 45. Bxe3+ Kxe3 46. Ba4 Rg3+ 47. Kf1 Rxg4 48. Bc6 Bd4 49. Rxf7 Kd2 50. Rf2+ Bxf2 51. Kxf2 Rf4+ 52. Kg3 Ke3 53. Bd7 Rf7 54. Be6 Rg7+ 55. Kh4 Kf4 56. Kh5 Ke5 57. Kh4 Rg1 58. Kh3 Rg6 59. Kh4 Rxe6 60. dxe6 Kxe6 0-1

[Event "HUN-chT2 Szechenyi 0607"]
[Site "Hungary"]
[Date "2007.02.18"]
[Round "5"]
[White "Marton, Gabriella"]
[Black "Remete, Zsuzsa"]
[Result "1/2-1/2"]
[WhiteElo "2115"]
[BlackElo "2125"]
[PlyCount "69"]
[EventDate "2006.11.12"]
[EventType "team"]
[EventRounds "11"]
[EventCountry "HUN"]
[SourceTitle "EXT 2008"]
[Source "ChessBase"]
[SourceDate "2007.11.25"]
[SourceVersion "1"]
[SourceVersionDate "2007.11.25"]
[SourceQuality "1"]
[WhiteTeam "Arboretum"]
[BlackTeam "Haladas II"]
[WhiteTeamCountry "HUN"]
[BlackTeamCountry "HUN"]

1. d4 Nf6 2. c4 c5 3. d5 e6 4. Nc3 exd5 5. cxd5 d6 6. g3 g6 7. Bg2 Bg7 8. e4 0-0 9. Nge2 Re8 10. a4 b6 11. 0-0 Na6 12. Re1 Nb4 13. Nf4 Ng4 14. h3 Ne5 15. Na2 Nxa2 16. Rxa2 Ba6 17. Bf1 Bxf1 18. Kxf1 Qd7 19. Kg2 b5 20. b3 bxa4 21. bxa4 Rab8 22. Nd3 Nxd3 23. Qxd3 Rb4 24. a5 Rd4 25. Qa6 f5 26. Rb2 fxe4 27. Rb7 Qf5 28. Qxa7 Qf3+ 29. Kg1 Be5 30. Bh6 Rd1 31. Rg7+ Kh8 32. Rxh7+ Kg8 33. Rg7+ Kh8 34. Rh7+ Kg8 35. Rg7+ 1/2-1/2

[Event "HUN-chT2 Szechenyi 0607"]
[Site "Hungary"]
[Date "2006.12.03"]
[Round "3"]
[White "Marton, Gabriella"]
[Black "Horvath, Imre"]
[Result "1/2-1/2"]
[WhiteElo "2115"]
[BlackElo "2301"]
[PlyCount "93"]
[EventDate "2006.11.12"]
[EventType "team"]
[EventRounds "11"]
[EventCountry "HUN"]
[SourceTitle "EXT 2008"]
[Source "ChessBase"]
[SourceDate "2007.11.25"]
[SourceVersion "1"]
[SourceVersionDate "2007.11.25"]
[SourceQuality "1"]
[WhiteTeam "Arboretum"]
[BlackTeam "Khelyi Spartacus"]
[WhiteTeamCountry "HUN"]
[BlackTeamCountry "HUN"]

1. d4 Nf6 2. c4 c5 3. d5 b5 4. Nc3 b4 5. Nb1 e6 6. g3 exd5 7. Bg2 Bb7 8. cxd5 d6 9. Nh3 Be7 10. 0-0 0-0 11. e4 Re8 12. Nd2 Nbd7 13. Nc4 Ba6 14. b3 Nb6 15. Qc2 Nxc4 16. bxc4 Nd7 17. Re1 Ne5 18. f4 Nxc4 19. Bf1 Qc8 20. Bxc4 Bxc4 21. Qxc4 Qxh3 22. Bb2 h5 23. Re3 a5 24. e5 h4 25. Rae1 hxg3 26. hxg3 Rad8 27. Qd3 c4 28. Qxc4 dxe5 29. fxe5 Rc8 30. Qf1 Qh6 31. Bd4 Bc5 32. Qd3 Bxd4 33. Qxd4 Rc2 34. R3e2 Rec8 35. Qe4 R2c3 36. Kg2 Qg5 37. Qf4 Qxf4 38. gxf4 Rd3 39. d6 Rc4 40. Rf2 a4 41. f5 Kf8 42. f6 gxf6 43. Rxf6 Rc2+ 44. Kg1 Rg3+ 45. Kh1 Rh3+ 46. Kg1 Rg3+ 47. Kh1 1/2-1/2

[Event "HUN-chT2 Szechenyi 0506"]
[Site "Hungary"]
[Date "2006.04.23"]
[Round "11"]
[White "Marton, Gabriella"]
[Black "Magyar, Andras"]
[Result "0-1"]
[WhiteElo "2086"]
[BlackElo "2175"]
[PlyCount "114"]
[EventDate "2005.10.16"]
[EventType "team"]
[EventRounds "11"]
[EventCountry "HUN"]
[SourceTitle "EXT 2009"]
[Source "ChessBase"]
[SourceDate "2008.11.26"]
[SourceVersion "1"]
[SourceVersionDate "2008.11.26"]
[SourceQuality "1"]
[WhiteTeam "Arboretum"]
[BlackTeam "HVSE Infraplan II"]
[WhiteTeamCountry "HUN"]
[BlackTeamCountry "HUN"]

1. d4 Nf6 2. c4 g6 3. Nc3 Bg7 4. e4 d6 5. Nf3 0-0 6. Bg5 Na6 7. h3 c5 8. d5 Bd7 9. Be2 Rb8 10. 0-0 Nc7 11. a4 b6 12. Qd2 a6 13. Bh6 b5 14. Bxg7 Kxg7 15. e5 Nfe8 16. Rfe1 bxa4 17. Nxa4 Rb4 18. Nc3 Qb8 19. Ra2 f6 20. e6 Bc8 21. h4 Na8 22. h5 Nec7 23. hxg6 hxg6 24. g3 Rh8 25. Bd3 Bb7 26. Kg2 Nb6 27. Raa1 Nxc4 28. Bxc4 Rxc4 29. Rh1 Rxc3 30. Qxc3 Bxd5 31. Rxh8 Qxh8 32. Rh1 Qa8 33. Qe3 Bxf3+ 34. Qxf3 Qxf3+ 35. Kxf3 Nxe6 36. Re1 Kf7 37. Ra1 Nc7 38. Ke3 e5 39. Ra4 Ke6 40. b3 d5 41. Rh4 g5 42. Rh7 Nb5 43. Rb7 d4+ 44. Kd3 e4+ 45. Kd2 f5 46. Rb6+ Kd5 47. Rxa6 f4 48. Rg6 e3+ 49. fxe3 fxe3+ 50. Ke1 d3 51. Rxg5+ Kd4 52. Rg4+ Kc3 53. Rc4+ Kxb3 54. Rxc5 d2+ 55. Ke2 Nc3+ 56. Rxc3+ Kxc3 57. g4 Kc2 0-1

[Event "HUN-chT2 Szechenyi 0506"]
[Site "Hungary"]
[Date "2006.02.12"]
[Round "7"]
[White "Kosztolanczi, Gyula"]
[Black "Marton, Gabriella"]
[Result "1-0"]
[WhiteElo "2183"]
[BlackElo "2086"]
[PlyCount "65"]
[EventDate "2005.10.16"]
[EventType "team"]
[EventRounds "11"]
[EventCountry "HUN"]
[SourceTitle "EXT 2009"]
[Source "ChessBase"]
[SourceDate "2008.11.26"]
[SourceVersion "1"]
[SourceVersionDate "2008.11.26"]
[SourceQuality "1"]
[WhiteTeam "Tapolca Varju"]
[BlackTeam "Arboretum"]
[WhiteTeamCountry "HUN"]
[BlackTeamCountry "HUN"]

1. e4 c5 2. Nf3 d6 3. d4 cxd4 4. Nxd4 Nf6 5. Nc3 e6 6. Bc4 a6 7. Bb3 Be7 8. g4 h6 9. Rg1 Qc7 10. h4 g6 11. g5 hxg5 12. hxg5 Nh5 13. Be3 Bd7 14. f4 b5 15. Qf3 Nc6 16. f5 Nxd4 17. Bxd4 Rg8 18. fxe6 fxe6 19. e5 Rc8 20. 0-0-0 dxe5 21. Be3 Rf8 22. Qh3 Rf5 23. Ne4 a5 24. c3 b4 25. Bc2 Kf7 26. Bc5 Bxc5 27. Nxc5 Bb5 28. Bxf5 exf5 29. cxb4 axb4 30. Qb3+ Kg7 31. Rd5 Nf4 32. Kb1 Nxd5 33. Ne6+ 1-0